Орел улетел

Библиографические подробности
Главный автор: Хиггинс Д. Джек
Другие авторы: Новоселецкая И. (переводчик)
Примечания:Исключено из фонда НТБ ТПУ
Язык:русский
Опубликовано: Москва, Новости, 1993
Серии:Мировой бестселлер
Формат: MixedMaterials Книга
Запись в KOHA:https://koha.lib.tpu.ru/cgi-bin/koha/opac-detail.pl?biblionumber=81335

MARC

LEADER 00000nam0a2200000 4500
001 81335
005 20231031095123.0
010 |a 5702008235 
020 |a RU  |b 93-12723 
035 |a (RuTPU)RU\TPU\book\87435 
090 |a 81335 
100 |a 20050920d1993 m y0rusy5003 ca 
101 1 |a rus  |c eng 
102 |a RU 
105 |a y z 000ay 
200 1 |a Орел улетел  |f Д. Хиггинс  |g [Пер. с англ. И. Новоселецкой] 
210 |a Москва  |c Новости  |d 1993 
215 |a 298,[1] с. 
225 1 |a Мировой бестселлер  |e МБ 
333 |a Исключено из фонда НТБ ТПУ 
700 1 |a Хиггинс  |b Д.  |g Джек 
702 1 |a Новоселецкая  |b И.  |4 730 
801 0 |a RU  |b RuMRKP  |c 19950413  |g psbo 
801 1 |a RU  |b 63413507  |c 20050920  |g PSBO 
801 2 |a RU  |b 63413507  |c 20220513  |g PSBO 
942 |c BK